| 000 | 00522nam a2200181Ia 4500 | ||
|---|---|---|---|
| 008 | 131103s9999 xx 000 0 und d | ||
| 040 | _aLoreto College | ||
| 041 | _aEnglish | ||
| 082 |
_a822.33(ID)/WIN/STR _bLCLIB(Press)/23732 |
||
| 100 | _aStrange, J.L | ||
| 245 | 4 |
_aThe winter's tale notes _cJ.L.Strange |
|
| 260 |
_aLondon _bColes _c1964 |
||
| 300 |
_a85p _c 21cm |
||
| 650 | _aShakespeare, William - Criticism & interpretations | ||
| 651 | _aEnglish drama | ||
| 850 | _aLCLIB/822.33(ID)/WIN/STR | ||
| 942 | _cBK | ||
| 999 |
_c24681 _d75160 |
||